[Event "Ruhrgebiet Verbandsklasse Gruppe 2 1819"]
[Site "Nordrheinwestfalen"]
[Date "2019.03.24"]
[Round "8.1"]
[White "Mueller, Martin"]
[Black "Walny, Benjamin"]
[Result "1-0"]
[WhiteElo "2011"]
[BlackElo "1761"]
[PlyCount "65"]
[EventDate "2018.09.23"]
[EventType "team-tourn"]
[EventRounds "9"]
[EventCountry "GER"]
[SourceTitle "EXT 2022"]
[Source "ChessBase"]
[SourceDate "2021.10.06"]
[SourceVersion "1"]
[SourceVersionDate "2021.10.06"]
[SourceQuality "1"]
[WhiteTeam "Unser Fritz"]
[BlackTeam "Bochum SG IV"]
[WhiteTeamCountry "GER"]
[BlackTeamCountry "GER"]

1. e4 c5 2. Nf3 d6 3. d4 cxd4 4. Nxd4 Nf6 5. Nc3 g6 6. Be3 Nc6 7. f3 Bg7 8. Qd2 Rb8 9. 0-0-0 0-0 10. g4 Nxd4 11. Bxd4 Be6 12. Kb1 b5 13. h4 b4 14. Nd5 Bxd5 15. exd5 Qc7 16. h5 Rfc8 17. hxg6 fxg6 18. b3 Qb7 19. g5 Nh5 20. Bxg7 Kxg7 21. Qd4+ Kg8 22. Bh3 e5 23. dxe6 Qc7 24. Rh2 Qc3 25. Bg4 Ng7 26. Qxd6 Re8 27. Re2 Rb6 28. Qd7 Qc5 29. Qf7+ Kh8 30. Rd7 Qc3 31. Re3 Rbxe6 32. Bxe6 Rf8 33. Qxf8# 1-0

[Event "Ruhrgebiet Verbandsklasse Gruppe 2 1819"]
[Site "Nordrheinwestfalen"]
[Date "2018.12.02"]
[Round "4.1"]
[White "Mueller, Martin"]
[Black "Quast, Marcel"]
[Result "0-1"]
[WhiteElo "2011"]
[BlackElo "2207"]
[PlyCount "56"]
[EventDate "2018.09.23"]
[EventType "team-tourn"]
[EventRounds "9"]
[EventCountry "GER"]
[SourceTitle "EXT 2022"]
[Source "ChessBase"]
[SourceDate "2021.10.06"]
[SourceVersion "1"]
[SourceVersionDate "2021.10.06"]
[SourceQuality "1"]
[WhiteTeam "Unser Fritz"]
[BlackTeam "Gerthe Werne"]
[WhiteTeamCountry "GER"]
[BlackTeamCountry "GER"]

1. e4 Nf6 2. e5 Nd5 3. d4 d6 4. Nf3 dxe5 5. Nxe5 c6 6. Bc4 Nd7 7. f4 Nxe5 8. fxe5 Be6 9. Qe2 g6 10. 0-0 Bg7 11. c3 0-0 12. Nd2 c5 13. Nf3 cxd4 14. Nxd4 Qc7 15. Nxe6 fxe6 16. Bg5 Rad8 17. Rxf8+ Rxf8 18. Bxd5 exd5 19. Re1 Rf5 20. Qd2 Rxe5 21. Rf1 Qb6+ 22. Kh1 Qe6 23. Qf4 h6 24. Bxh6 Rf5 25. Qb8+ Kh7 26. Bf4 Be5 27. Qxb7 Bxf4 28. Qb5 Bd6 0-1